Basic Mechanical Engineering (Record no. 211515)

MARC details
000 -LEADER
fixed length control field 00465nam a2200169Ia 4500
008 - FIXED-LENGTH DATA ELEMENTS--GENERAL INFORMATION
fixed length control field 230714s9999 xx 000 0 und d
020 ## - INTERNATIONAL STANDARD BOOK NUMBER
International Standard Book Number 9790000000000
041 ## - LANGUAGE CODE
Language code of text/sound track or separate title eng
082 ## - DEWEY DECIMAL CLASSIFICATION NUMBER
Classification number 621.1
Item number ISR
100 ## - MAIN ENTRY--PERSONAL NAME
Personal name Israni A.R.
9 (RLIN) 195992
245 ## - TITLE STATEMENT
Title Basic Mechanical Engineering
260 ## - PUBLICATION, DISTRIBUTION, ETC. (IMPRINT)
Date of publication, distribution, etc. 2011
Name of publisher, distributor, etc. BS Publications
300 ## - PHYSICAL DESCRIPTION
Extent 652
365 ## - TRADE PRICE
Currency code Rs.
Price amount 325.00
700 ## - ADDED ENTRY--PERSONAL NAME
Personal name Israni A.R. & Shah P.K.
9 (RLIN) 195993
906 ## - LOCAL DATA ELEMENT F, LDF (RLIN)
d O:0384424-Apr-2014B:IN 101-Apr-2014
c MECH
b 260

No items available.